<?xml version="1.0" encoding="UTF-8"?><?xml-stylesheet type="text/xsl" href="static/style.xsl"?><OAI-PMH xmlns="http://www.openarchives.org/OAI/2.0/" xmlns:xsi="http://www.w3.org/2001/XMLSchema-instance" xsi:schemaLocation="http://www.openarchives.org/OAI/2.0/ http://www.openarchives.org/OAI/2.0/OAI-PMH.xsd"><responseDate>2026-04-17T06:51:25Z</responseDate><request verb="GetRecord" identifier="oai:www.recercat.cat:2072/97057" metadataPrefix="marc">https://recercat.cat/oai/request</request><GetRecord><record><header><identifier>oai:recercat.cat:2072/97057</identifier><datestamp>2024-12-13T11:03:07Z</datestamp><setSpec>com_2072_96871</setSpec><setSpec>com_2072_96852</setSpec><setSpec>com_2072_2015</setSpec><setSpec>col_2072_96872</setSpec></header><metadata><record xmlns="http://www.loc.gov/MARC21/slim" xmlns:dcterms="http://purl.org/dc/terms/" xmlns:xsi="http://www.w3.org/2001/XMLSchema-instance" xmlns:doc="http://www.lyncode.com/xoai" xsi:schemaLocation="http://www.loc.gov/MARC21/slim http://www.loc.gov/standards/marcxml/schema/MARC21slim.xsd">
   <leader>00925njm 22002777a 4500</leader>
   <datafield ind2=" " ind1=" " tag="042">
      <subfield code="a">dc</subfield>
   </datafield>
   <datafield ind2=" " ind1=" " tag="720">
      <subfield code="a">Moles Plaza, Ramon J.</subfield>
      <subfield code="e">author</subfield>
   </datafield>
   <datafield ind2=" " ind1=" " tag="720">
      <subfield code="a">Garcia Hom, Anna</subfield>
      <subfield code="e">author</subfield>
   </datafield>
   <datafield ind2=" " ind1=" " tag="720">
      <subfield code="a">Fàbregues Feijóo, Sergi</subfield>
      <subfield code="e">author</subfield>
   </datafield>
   <datafield ind2=" " ind1=" " tag="720">
      <subfield code="a">Palmen, Rachel Louise</subfield>
      <subfield code="e">author</subfield>
   </datafield>
   <datafield ind2=" " ind1=" " tag="520">
      <subfield code="a">Aquest document de treball es centra específicament en el desenvolupament de la infraestructura de telefonia mòbil a Catalunya com a exemple de tecnologia amb profundes implicacions socials. Esdevé un intent inicial de definir les principals línies de recerca en aquest tema. El projecte que el sosté és emmarcat en el programa de recerca Negrisc, centrat a examinar la negociació del risc en les tecnologies de la informació i de la comunicació. Parteix d'una aproximació que reconeix la natura multidisciplinària del risc i que, per tant, exigeix una aproximació interdisciplinària al seu estudi i a la gestió subsegüent. Aquesta perspectiva emfatitza la necessitat d'integrar els punts de vista dels diferents stakeholders, incloent-hi el públic, en la gestió d'una tecnologia socialment controvertida. Aquest és un pas necessari per a permetre la generació d'algun tipus de consens en el cas del desenvolupament de la infraestructura de telefonia mòbil a Catalunya.</subfield>
   </datafield>
   <datafield ind2=" " ind1=" " tag="520">
      <subfield code="a">Este documento de trabajo se encuentra específicamente centrado en el desarrollo de la infraestructura de telefonía móvil en Cataluña como ejemplo de tecnología con profundas implicaciones sociales. Es un intento inicial de definir las principales líneas de investigación en este tema. El proyecto que lo sostiene se encuentra enmarcado en el programa de investigación Negrisc, centrado en examinar la negociación del riesgo en las tecnologías de la información y de la comunicación. Parte de una aproximación que reconoce la naturaleza multidisciplinaria del riesgo y que, por lo tanto, exige una aproximación interdisciplinaria a su estudio y a la subsiguiente gestión. Esta perspectiva enfatiza la necesidad de integrar los puntos de vista de los stakeholders, incluyendo al público, en la gestión de una tecnología socialmente controvertida. Éste es un paso necesario para permitir la generación de algún tipo de consenso en el caso del desarrollo de la infraestructura de telefonía móvil en Cataluña.</subfield>
   </datafield>
   <datafield ind2=" " ind1=" " tag="520">
      <subfield code="a">This working paper is specifically concerned with the development of the mobile telephone infrastructure in Catalonia as an example of a technology with profound social implications. It is an initial attempt to define certain lines of research related to the topic. This project is operating within the broader Negrisc research programme, which examines the negotiation of risk in the field of information and communication technologies. It sets out from an approach which recognises the multidisciplinary nature of risk and which therefore demands an interdisciplinary approach to its study and subsequent management. This perspective stresses the necessity of integrating viewpoints of the different stakeholders, including the public, in the management of a socially controversial technology. This is seen as a necessary step to enable the generation of some sort of social consensus in the case of the rollout of the mobile phone infrastructure in Catalonia.</subfield>
   </datafield>
   <datafield ind1="8" ind2=" " tag="024">
      <subfield code="a">http://hdl.handle.net/10609/1272</subfield>
   </datafield>
   <datafield tag="653" ind2=" " ind1=" ">
      <subfield code="a">Antennas (Electronics)</subfield>
   </datafield>
   <datafield tag="653" ind2=" " ind1=" ">
      <subfield code="a">Cellular telephone systems -- Catalonia</subfield>
   </datafield>
   <datafield tag="653" ind2=" " ind1=" ">
      <subfield code="a">Diseases -- Risk factors</subfield>
   </datafield>
   <datafield tag="653" ind2=" " ind1=" ">
      <subfield code="a">Social participation</subfield>
   </datafield>
   <datafield tag="653" ind2=" " ind1=" ">
      <subfield code="a">Antenes (Electrònica)</subfield>
   </datafield>
   <datafield tag="653" ind2=" " ind1=" ">
      <subfield code="a">Telefonia mòbil -- Catalunya</subfield>
   </datafield>
   <datafield tag="653" ind2=" " ind1=" ">
      <subfield code="a">Malalties -- Factors de risc</subfield>
   </datafield>
   <datafield tag="653" ind2=" " ind1=" ">
      <subfield code="a">Participació social</subfield>
   </datafield>
   <datafield tag="653" ind2=" " ind1=" ">
      <subfield code="a">Antenas (Electrónica)</subfield>
   </datafield>
   <datafield tag="653" ind2=" " ind1=" ">
      <subfield code="a">Telefonía móvil -- Cataluña</subfield>
   </datafield>
   <datafield tag="653" ind2=" " ind1=" ">
      <subfield code="a">Enfermedades -- Factores de riesgo</subfield>
   </datafield>
   <datafield tag="653" ind2=" " ind1=" ">
      <subfield code="a">Participación social</subfield>
   </datafield>
   <datafield ind2="0" ind1="0" tag="245">
      <subfield code="a">Metodologia per a la generació de consens social en el desplegament d'infraestructures de telefonia mòbil</subfield>
   </datafield>
</record></metadata></record></GetRecord></OAI-PMH>